书目信息 |
| 题名: |
聊斋志异
|
|
| 作者: | (清) 蒲松龄 著 | |
| 分册: | ||
| 出版信息: | 上海 上海古籍出版社 2020.9 |
|
| 页数: | 579页 | |
| 开本: | 21cm | |
| 丛书名: | ||
| 单 册: | ||
| 中图分类: | I242.1 | |
| 科图分类: | ||
| 主题词: | 笔记小说--中国--清代 | |
| 电子资源: | ||
| ISBN: | 978-7-5325-9741-3 | |
| 000 | 00997nam0 2200217 450 | |
| 001 | 2170809897 | |
| 005 | 20210104194027.19 | |
| 010 | @a978-7-5325-9741-3@b精装@dCNY72.00 | |
| 100 | @a20200911d2020 em y0chiy0110 ea | |
| 101 | 0 | @achi |
| 102 | @aCN@b310000 | |
| 105 | @ay z 000yy | |
| 200 | 1 | @a聊斋志异@9liao zhai zhi yi@f(清) 蒲松龄著 |
| 210 | @a上海@c上海古籍出版社@d2020.9 | |
| 215 | @a579页@d21cm | |
| 330 | @a《聊斋志异》是中国清代著名小说家蒲松龄创作的短篇志怪小说集,被称为“古典小说中的一部奇书”“世界短篇小说集之王”。山东大学古代文学教授、《百家讲坛》著名讲师马瑞芳精选了其中的60多篇,参考数十种版本精心校对;并对原文逐字逐句一一翻译,浅显易懂,明白晓畅,是极好的入门读本;此外,文末增加了精彩点评,方便读者理解小说的人物和情节。书中附有人气插画师傅鹿所绘的水彩插画,色彩鲜明,生动形象,又增加了该书的珍藏价值。 | |
| 606 | 0 | @a笔记小说@y中国@z清代 |
| 690 | @aI242.1@v5 | |
| 701 | 0 | @a(清) 蒲松龄@9pu song ling@4著 |
| 801 | 2 | @aCN@b58marc.cn@c20200911 |
| 905 | @aZUCC@dI242.1@e53 | |
| 聊斋志异/(清) 蒲松龄著.-上海:上海古籍出版社,2020.9 |
| 579页;21cm |
| ISBN 978-7-5325-9741-3(精装):CNY72.00 |
| 《聊斋志异》是中国清代著名小说家蒲松龄创作的短篇志怪小说集,被称为“古典小说中的一部奇书”“世界短篇小说集之王”。山东大学古代文学教授、《百家讲坛》著名讲师马瑞芳精选了其中的60多篇,参考数十种版本精心校对;并对原文逐字逐句一一翻译,浅显易懂,明白晓畅,是极好的入门读本;此外,文末增加了精彩点评,方便读者理解小说的人物和情节。书中附有人气插画师傅鹿所绘的水彩插画,色彩鲜明,生动形象,又增加了该书的珍藏价值。 |
| ● |
| 相关链接 |
|
|
|
正题名:聊斋志异
索取号:I242.1/53
 
预约/预借
| 序号 | 登录号 | 条形码 | 馆藏地/架位号 | 状态 | 备注 |
| 1 | 2000876960 | 2000876960 | 第一书库/ [索取号:I242.1/53] | 在馆 | |
| 2 | 2000876961 | 2000876961 | 第一书库/ [索取号:I242.1/53] | 在馆 | |
| 3 | 2000876962 | 2000876962 | 第一书库/ [索取号:I242.1/53] |
已借出,限还日期为2026.01.02 借出人:刘子睿 |